000 00399nam a2200145Ia 4500
008 211109s9999||||xx |||||||||||||| ||und||
082 _a378.16
_bCAN-C
100 _aCanfield, James Hulme
245 0 _aCollege Student and His Problems
260 _bMacmillan and Co., Limited
_aKingston
_c1922
300 _a329p.
630 _xGeneral Stack
650 _aHIGHER EDUCATION
_xEducation
942 _cBOOK
999 _c4004
_d4004